000 00759nam a2200181 a 4500
001 000005687
005 20200929151739.0
008 090821s1998 dr r 000 0 spa d
040 _aDO-SdBNP
_bspa
_cBNPHU
082 _a343.04
_bM425c
100 1 _aMateo Díaz, Francisco
_916070
245 1 0 _aCódigo tributario de la República Dominicana Ley No. 11-92 y reglamentos Nos. 139 y 140/98 para la aplicacion de los titulos II y III del impuesto sobre la renta e ITBIS /
_cFrancisco Mateo Díaz.
260 _aSanto Domingo :
_bCorripio,
_c1998.
300 _a271 p. ;
_c24 cm.
650 4 _aDerecho fiscal
_zRepublica Dominicana
_98288
650 4 _aImpuestos
_xAdministración
_916071
650 4 _aImpuestos sobre la renta
_xLegislacion
_zRepública Dominicana
_99399
999 _c5484
_d5484